[Event "Championnat de France - Open C"]
[Site "Belfort - SNPHHUATVS"]
[Date "2010.08.14"]
[Round "5.10"]
[White "Brumant, Jean-Claude"]
[Black "Dietrich, Thomas"]
[Result "1/2-1/2"]
[WhiteElo "1761"]
[BlackElo "1680"]
[PlyCount "33"]
[EventDate "2010.??.??"]

1. d4 Nf6 2. Nc3 g6 3. e4 d6 4. Bc4 Bg7 5. f4 Nxe4 6. Bxf7+ Kxf7 7. Nxe4 Rf8 8.
c3 Kg8 9. Nf3 Bg4 10. Qb3+ e6 11. O-O b6 12. Be3 d5 13. Ned2 Nc6 14. h3 Bf5 15.
Qb5 Qd6 16. g4 Be4 17. Ng5 1/2-1/2

[Event "Championnat de France - Open C"]
[Site "Belfort - SNPHHUATVS"]
[Date "2010.08.15"]
[Round "6.1"]
[White "Christophe-Hayot, Romain"]
[Black "Lanz, Stephane"]
[Result "1/2-1/2"]
[WhiteElo "1796"]
[BlackElo "1750"]
[PlyCount "55"]
[EventDate "2010.??.??"]

1. d4 Nf6 2. Nf3 c5 3. c3 cxd4 4. cxd4 g6 5. Nc3 Bg7 6. e4 d6 7. Be2 O-O 8. O-O
Nc6 9. d5 Nb4 10. a3 Na6 11. Bxa6 bxa6 12. Be3 a5 13. Re1 Nd7 14. Bd4 Rb8 15.
Rb1 Nc5 16. b4 axb4 17. axb4 Na6 18. Bxg7 Kxg7 19. Nd4 Nxb4 20. Ndb5 a5 21.
Rxb4 axb4 22. Qd4+ Kg8 23. Qxb4 Bd7 24. Qc4 Qa5 25. Nd4 Bb5 26. Ndxb5 Rxb5 27.
Qxb5 Qxc3 28. Rd1 1/2-1/2

[Event "Championnat de France - Open C"]
[Site "Belfort - SNPHHUATVS"]
[Date "2010.08.15"]
[Round "6.2"]
[White "Germond, Thierry"]
[Black "Lemaire, Olivier"]
[Result "1-0"]
[WhiteElo "1745"]
[BlackElo "1775"]
[PlyCount "101"]
[EventDate "2010.??.??"]

1. d4 d5 2. c4 c6 3. Nc3 Nf6 4. Bg5 Nbd7 5. f3 dxc4 6. e4 Nb6 7. Nge2 h6 8. Bh4
Qd7 9. a4 a5 10. Bf2 Qd8 11. Qc2 e6 12. O-O-O Be7 13. g4 Bd7 14. h3 Qc7 15. Bg3
Qd8 16. f4 g5 17. Bg2 Qc8 18. Rhf1 Ra6 19. fxg5 hxg5 20. Be5 Rh6 21. Ng3 Ng8
22. Nh5 f6 23. Bg3 c5 24. Nb5 Bxb5 25. axb5 Ra7 26. d5 e5 27. d6 Bd8 28. Qf2
Qd7 29. Bxe5 Qxb5 30. Bc3 Na4 31. d7+ Kf7 32. e5 Nxc3 33. bxc3 Qb3 34. Bd5+ Kf8
35. Qc2 Qxc2+ 36. Kxc2 Ra6 37. Bxc4 Rc6 38. Bxg8 Kxg8 39. exf6 Kf7 40. Rf5 Rg6
41. Re5 Re6 42. Rxc5 Rg8 43. Rdd5 Rxf6 44. Nxf6 Kxf6 45. Re5 Kf7 46. Re2 Bf6
47. Rxa5 Rd8 48. Rd5 b6 49. Kb3 b5 50. Re3 Be7 51. Rxe7+ 1-0

[Event "Championnat de France - Open C"]
[Site "Belfort - SNPHHUATVS"]
[Date "2010.08.15"]
[Round "6.3"]
[White "Abdou Issaka, Boubacar"]
[Black "Bandet, Raphael"]
[Result "1-0"]
[WhiteElo "1781"]
[BlackElo "1717"]
[PlyCount "125"]
[EventDate "2010.??.??"]

1. e4 e5 2. Nf3 Nc6 3. Bb5 a6 4. Ba4 Nf6 5. O-O d6 6. Re1 Bd7 7. c3 Be7 8. Bc2
O-O 9. d4 exd4 10. Nxd4 Re8 11. Nxc6 Bxc6 12. Qd3 h6 13. Qg3 Bf8 14. Nd2 Kh8
15. f3 d5 16. e5 Bc5+ 17. Kh1 Nh5 18. Qg4 g6 19. f4 Bd7 20. Qf3 Qh4 21. g3 Qh3
22. Qg2 Qg4 23. Bd1 Qe6 24. Nf3 Rad8 25. Nd4 Qb6 26. Be3 Bxd4 27. Bxd4 c5 28.
Bg1 Ng7 29. Bf3 Bc6 30. b4 d4 31. bxc5 Qxc5 32. Bxc6 bxc6 33. cxd4 Qd5 34. Rec1
Qxg2+ 35. Kxg2 Rc8 36. Rc4 Red8 37. Rac1 Nf5 38. g4 Ne7 39. Rc5 Rd5 40. Kf3 Kg7
41. Ke4 Kf8 42. f5 gxf5+ 43. gxf5 Ke8 44. f6 Rxc5 45. Rxc5 Nd5 46. h3 Kd7 47.
Ra5 Ra8 48. Ra3 Ke6 49. Rg3 Rb8 50. Ra3 Ra8 51. Bf2 a5 52. Rb3 a4 53. Rb7 Rg8
54. Ra7 Rg5 55. Ra6 Kd7 56. e6+ fxe6 57. f7 Rf5 58. Ra7+ Kd8 59. Bh4+ Nf6+ 60.
Bxf6+ Rxf6 61. Ke5 Rf3 62. Kd6 Kc8 63. f8=R+ 1-0

[Event "Championnat de France - Open C"]
[Site "Belfort - SNPHHUATVS"]
[Date "2010.08.15"]
[Round "6.4"]
[White "Dion, Virgile"]
[Black "Gonzalez, Loic"]
[Result "1/2-1/2"]
[WhiteElo "1670"]
[BlackElo "1777"]
[Annotator "Rivier,Sylvain"]
[PlyCount "59"]
[EventDate "2010.??.??"]

1. e4 e5 2. Nf3 Nc6 3. d4 exd4 4. Nxd4 Qh4 5. Nb5 Bb4+ 6. N1c3 Ba5 7. Bd2 a6 8.
Na3 b5 9. g3 Qe7 10. Bg2 Nf6 11. O-O Bxc3 12. Bxc3 b4 13. Bxf6 gxf6 14. Nc4 Ne5
15. Ne3 O-O 16. Nd5 Qd6 17. Qh5 c6 18. Ne3 Rd8 19. Qh6 Qf8 20. Qxf6 Qg7 21.
Qxg7+ Kxg7 22. Nf5+ Kf8 23. Nd6 Re8 24. Rad1 Ke7 25. Nxc8+ Raxc8 26. b3 Rc7 27.
Rfe1 c5 28. f4 Ng4 29. Bh3 h5 30. Rd5 {suite illisible} 1/2-1/2

[Event "Championnat de France - Open C"]
[Site "Belfort - SNPHHUATVS"]
[Date "2010.08.15"]
[Round "6.5"]
[White "Stojanovic, Vojislav"]
[Black "Finkel, Julie"]
[Result "1-0"]
[WhiteElo "1770"]
[BlackElo "1665"]
[PlyCount "79"]
[EventDate "2010.??.??"]

1. e4 g6 2. Nf3 Bg7 3. d4 d6 4. c3 Nd7 5. Bf4 b6 6. Nbd2 Bb7 7. Bc4 e6 8. Qb3
h6 9. O-O Ngf6 10. Rfe1 O-O 11. h3 d5 12. Bd3 c5 13. Qd1 dxe4 14. Nxe4 cxd4 15.
cxd4 Nd5 16. Bd6 Re8 17. Ba3 Bc6 18. Nd6 Rf8 19. Rc1 Nb8 20. Ne5 Bxe5 21. dxe5
Nf4 22. Bf1 Qg5 23. Qg4 Qxg4 24. hxg4 Rd8 25. g3 Nd5 26. Bg2 b5 27. b3 a6 28.
f4 Bd7 29. Rc5 Ra7 30. Bxd5 exd5 31. Rxd5 Bxg4 32. Rc1 Rad7 33. Rdc5 g5 34. Kf2
f6 35. Ne4 Rf7 36. Nxf6+ Kg7 37. Nxg4 gxf4 38. gxf4 Rd2+ 39. Ke3 Rxa2 40. Bb4
1-0

[Event "Championnat de France - Open C"]
[Site "Belfort - SNPHHUATVS"]
[Date "2010.08.15"]
[Round "6.6"]
[White "Fauchart, Francois"]
[Black "Moutarlier, Vincent"]
[Result "1/2-1/2"]
[WhiteElo "1608"]
[BlackElo "1769"]
[PlyCount "51"]
[EventDate "2010.??.??"]

1. d4 f5 2. Nf3 Nf6 3. Bf4 g6 4. Nbd2 Bg7 5. c3 O-O 6. e3 d6 7. Be2 Kh8 8. Qb3
Qe8 9. h3 Nbd7 10. Ng5 Nb6 11. h4 e5 12. Bg3 f4 13. exf4 exf4 14. Bxf4 Nfd5 15.
Be3 Nxe3 16. fxe3 Qxe3 17. Nf7+ Rxf7 18. Qxf7 Bf5 19. O-O-O Qxe2 20. Rde1 Qb5
21. Re7 Rg8 22. Rhe1 Qd3 23. Qb3 Nc4 24. Nxc4 Bh6+ 25. Ne3 Qb1+ 26. Kd2 1/2-1/2

[Event "Championnat de France - Open C"]
[Site "Belfort - SNPHHUATVS"]
[Date "2010.08.15"]
[Round "6.7"]
[White "Theodore, Simon"]
[Black "Roux, Jean-Francois"]
[Result "1-0"]
[WhiteElo "1768"]
[BlackElo "1588"]
[PlyCount "113"]
[EventDate "2010.??.??"]

1. c4 e5 2. Nc3 d6 3. g3 f5 4. Bg2 Nf6 5. e3 Be7 6. Nge2 c6 7. O-O O-O 8. d4 e4
9. Nf4 Na6 10. b3 d5 11. Bb2 Nc7 12. Rc1 Bd7 13. Qc2 Rc8 14. cxd5 cxd5 15. Qd2
g5 16. Nfe2 Ne6 17. f4 g4 18. Rc2 Qe8 19. Rfc1 Qg6 20. Nd1 Rxc2 21. Rxc2 Kf7
22. Qa5 a6 23. Ba3 Bxa3 24. Qxa3 Bc6 25. Qd6 Rd8 26. Qb4 Rd7 27. Nec3 h5 28.
Na4 h4 29. Nc5 Nxc5 30. Rxc5 hxg3 31. hxg3 Qh6 32. Nc3 Kg6 33. Qb6 Rd6 34. a4
Nd7 35. Qd8 Kf7 36. Qc7 Ke6 37. Ra5 Nf6 38. b4 Ne8 39. Qc8+ Bd7 40. Qxb7 Bc6
41. Qxa6 Bxa4 42. Qa7 Bd7 43. Nb5 Rc6 44. Ra6 Ke7 45. Rxc6 Qxc6 46. Bf1 Qc1 47.
Qc5+ Qxc5 48. dxc5 Bc6 49. Nd4 Bd7 50. Bb5 Bxb5 51. Nxb5 Kd7 52. Nd4 Ng7 53.
Kf2 Kc7 54. Ke2 Kb7 55. b5 Kc7 56. Kd2 Kb7 57. Kc3 1-0

[Event "Championnat de France - Open C"]
[Site "Belfort - SNPHHUATVS"]
[Date "2010.08.15"]
[Round "6.8"]
[White "Gautier, Selvan"]
[Black "Cardot, Jerome"]
[Result "1-0"]
[WhiteElo "1626"]
[BlackElo "1726"]
[PlyCount "61"]
[EventDate "2010.??.??"]

1. c4 c5 2. Nf3 Nf6 3. Nc3 Nc6 4. g3 g6 5. Bg2 Bg7 6. d4 cxd4 7. Nxd4 O-O 8.
O-O Qb6 9. Nb3 a6 10. c5 Qd8 11. Be3 Ng4 12. Bf4 h6 13. h3 Nf6 14. Na4 e5 15.
Be3 Rb8 16. Qd2 Kh7 17. Nb6 Re8 18. Rad1 Bf8 19. h4 Ng4 20. Nxc8 Nxe3 21. fxe3
Rxc8 22. Rxf7+ Kg8 23. Qxd7 Qxd7 24. Rdxd7 Ne7 25. Rf6 Bg7 26. Re6 Nf5 27. Bd5
Rxe6 28. Bxe6+ Kf8 29. Rf7+ Ke8 30. Rxg7 Nxg7 31. Bxc8 1-0

[Event "Championnat de France - Open C"]
[Site "Belfort - SNPHHUATVS"]
[Date "2010.08.15"]
[Round "6.9"]
[White "Miralles, Loic"]
[Black "Lagarde, Benjamin"]
[Result "1-0"]
[WhiteElo "1557"]
[BlackElo "1699"]
[PlyCount "81"]

1. e4 g6 2. Nc3 Bg7 3. f4 d6 4. Bc4 Nd7 5. Nf3 a6 6. a4 Rb8 7. O-O b6 8. f5 Ne5
9. Nxe5 Bxe5 10. fxg6 hxg6 11. Bxf7+ Kf8 12. Bxg6+ Nf6 13. h3 Bd4+ 14. Kh1 d5
15. Nxd5 Qd6 16. Qf3 Kg7 17. Nxf6 Bxf6 18. Bf5 Bxf5 19. Qxf5 Rbf8 20. Qg4+ Kf7
21. Qf4 Qe6 22. Qf5 Qxf5 23. exf5 Be5 24. d3 c5 25. Bf4 Bxb2 26. Rab1 Bc3 27.
Rxb6 a5 28. Be3 Rh4 29. Bxc5 Rxa4 30. f6 Kg8 31. Bxe7 Rf7 32. Rb8+ Kh7 33. Rf8
Kg6 34. Rxf7 Kxf7 35. g4 Bd2 36. Rf5 Ra1+ 37. Kg2 Be3 38. Kf3 Bb6 39. Ke2 Rh1
40. g5 Rh2+ 41. Kf1 1-0

[Event "Championnat de France - Open C"]
[Site "Belfort - SNPHHUATVS"]
[Date "2010.08.15"]
[Round "6.10"]
[White "Hocher, Eugene"]
[Black "Brebant, Eric"]
[Result "0-1"]
[WhiteElo "1782"]
[BlackElo "1698"]
[PlyCount "100"]

1. d4 d5 2. Nf3 c5 3. c3 e6 4. e3 Nf6 5. Ne5 Be7 6. Bb5+ Nbd7 7. Nd2 O-O 8.
Nxd7 Bxd7 9. Bd3 c4 10. Bc2 b5 11. O-O a5 12. e4 b4 13. e5 Ne8 14. f4 g6 15.
Qf3 Ng7 16. Qh3 f5 17. Nf3 Rb8 18. Qg3 Nh5 19. Qf2 a4 20. Bd1 a3 21. Ng5 axb2
22. Qxb2 bxc3 23. Qxc3 Bxg5 24. fxg5 Ng7 25. h4 Qb6 26. Rf2 Qb4 27. Qxb4 Rxb4
28. Ba3 Rfb8 29. Bxb4 Rxb4 30. a3 Rb7 31. Rfa2 Ne8 32. a4 Nc7 33. Bc2 Na6 34.
Rb1 Rxb1+ 35. Bxb1 Nb4 36. Ra3 Nc6 37. a5 Nxd4 38. a6 Bc6 39. Kf2 Nb5 40. Ra5
Na7 41. Ke3 Kf7 42. Bc2 Ke7 43. Ba4 Kd7 44. Kd4 Bxa4 45. Rxa4 Kc6 46. Rb4 Nc8
47. Rb7 f4 48. Rxh7 Kb6 49. Rg7 Na7 50. Rxg6 Nb5# 0-1

[Event "Championnat de France - Open C"]
[Site "Belfort - SNPHHUATVS"]
[Date "2010.08.17"]
[Round "7.1"]
[White "Lanz, Stephane"]
[Black "Germond, Thierry"]
[Result "1-0"]
[WhiteElo "1750"]
[BlackElo "1745"]
[PlyCount "67"]

1. e4 Nf6 2. e5 Nd5 3. d4 d6 4. f4 dxe5 5. fxe5 Bf5 6. Nf3 e6 7. Bc4 Nb6 8. Bb3
c5 9. c3 cxd4 10. cxd4 Nc6 11. O-O Be7 12. Nc3 O-O 13. Be3 Nb4 14. Qd2 N4d5 15.
Rad1 Rc8 16. Bg5 Nxc3 17. bxc3 Be4 18. Qf4 Bd5 19. Bc2 f5 20. exf6 Bxf6 21.
Bxf6 Bxf3 22. Rxf3 Rxf6 23. Qe4 Rh6 24. Qxb7 Rc7 25. Qe4 Qd6 26. g3 Nd5 27.
Rdf1 Nf6 28. Qa8+ Kf7 29. Bb3 Ke7 30. Re1 Ne8 31. Rfe3 Qd8 32. Rxe6+ Rxe6 33.
Rxe6+ Kd7 34. Ba4+ 1-0

[Event "Championnat de France - Open C"]
[Site "Belfort - SNPHHUATVS"]
[Date "2010.08.17"]
[Round "7.2"]
[White "Theodore, Simon"]
[Black "Christophe-Hayot, Romain"]
[Result "0-1"]
[WhiteElo "1768"]
[BlackElo "1796"]
[PlyCount "48"]

1. c4 c5 2. Nc3 g6 3. g3 Bg7 4. Bg2 Nc6 5. e3 Nf6 6. Nge2 e5 7. O-O O-O 8. d4
cxd4 9. exd4 d6 10. d5 Ne7 11. b4 Bg4 12. Qb3 Rc8 13. Ba3 Nd7 14. Rac1 a6 15.
h3 Bf5 16. g4 Bd3 17. Rfd1 Bxc4 18. Qb2 b5 19. Ne4 Nb6 20. Qd2 Kh8 21. N2c3 Ng8
22. Qe3 f5 23. Nd2 Bh6 24. Qe1 Nf6 0-1

[Event "Championnat de France - Open C"]
[Site "Belfort - SNPHHUATVS"]
[Date "2010.08.17"]
[Round "7.3"]
[White "Gautier, Selvan"]
[Black "Abdou Issaka, Boubacar"]
[Result "1-0"]
[WhiteElo "1626"]
[BlackElo "1781"]
[PlyCount "141"]

1. c4 Nf6 2. Nf3 g6 3. g3 Bg7 4. Bg2 O-O 5. O-O d6 6. d4 c6 7. Nc3 Bd7 8. Bf4
Na6 9. Qd2 Bg4 10. h3 Bxf3 11. Bxf3 Qd7 12. Kh2 e5 13. dxe5 dxe5 14. Bh6 Qxd2
15. Bxd2 Rad8 16. Rad1 Rfe8 17. Be3 Ra8 18. g4 h6 19. Ne4 Nxe4 20. Bxe4 Re7 21.
Rd2 Kf8 22. Rfd1 Ke8 23. Bxa7 Bf6 24. Bb6 Nc7 25. Bc5 Bg5 26. e3 Re6 27. Rd7
Rd8 28. Rxd8+ Bxd8 29. Bb6 Ke7 30. Kg2 Rf6 31. Kg3 Ne6 32. Bxd8+ Nxd8 33. f4
exf4+ 34. exf4 Re6 35. Kf3 c5 36. Rd5 b6 37. f5 gxf5 38. Bxf5 Rd6 39. Rxd6 Kxd6
40. Ke4 Nc6 41. h4 f6 42. Kf4 Nd4 43. Be4 Ke7 44. Bd5 Kd6 45. Ke4 Ke7 46. b4
Kd6 47. bxc5+ bxc5 48. a4 Nc2 49. a5 Nb4 50. Bb7 Kc7 51. a6 Nc2 52. Kf4 Na3 53.
Bd5 Kb6 54. Kf5 Nc2 55. Kxf6 Ne3 56. Be6 Ng2 57. h5 Nf4 58. Kf5 Ne2 59. Bc8 Ng1
60. Kg6 Nf3 61. Kxh6 Ne5 62. Be6 Kxa6 63. g5 Ka5 64. g6 Kb4 65. g7 Nxc4 66.
Bxc4 Kxc4 67. g8=Q+ Kd3 68. Qb3+ Kd4 69. Kg5 c4 70. Qxc4+ Kxc4 71. h6 1-0

[Event "Championnat de France - Open C"]
[Site "Belfort - SNPHHUATVS"]
[Date "2010.08.17"]
[Round "7.4"]
[White "Stojanovic, Vojislav"]
[Black "Miralles, Loic"]
[Result "1-0"]
[WhiteElo "1770"]
[BlackElo "1557"]
[PlyCount "117"]

1. e4 c5 2. c4 Nc6 3. Nf3 d6 4. d4 cxd4 5. Nxd4 e6 6. Nc3 Nf6 7. Be2 Be7 8. O-O
O-O 9. a3 a5 10. Kh1 Qb6 11. Be3 Nxd4 12. Bxd4 Qc6 13. f3 Bd7 14. b4 b6 15. Rb1
Rfb8 16. Nb5 d5 17. cxd5 Qb7 18. d6 Bd8 19. e5 Nd5 20. Qd2 Rc8 21. f4 Bc6 22.
Bd3 axb4 23. axb4 Ra4 24. Rfc1 Qd7 25. Nc3 Rxb4 26. Nxd5 Rxb1 27. Rxb1 Bxd5 28.
Bxb6 Bxb6 29. Rxb6 Qa7 30. Rb1 Rd8 31. Qc2 g6 32. Be4 Bxe4 33. Qxe4 Kg7 34. h3
Rd7 35. Rc1 f6 36. exf6+ Kxf6 37. Qe5+ Kf7 38. Rc8 Qb7 39. Qh8 e5 40. Qg8+ Kf6
41. Rf8+ Rf7 42. Rxf7+ Qxf7 43. Qxf7+ Kxf7 44. fxe5 Ke6 45. Kg1 h5 46. h4 Kd7
47. Kf2 Ke6 48. Ke3 Kd7 49. Ke4 Ke6 50. Kd4 g5 51. hxg5 h4 52. g6 h3 53. gxh3
Kd7 54. g7 Kc6 55. g8=Q Kd7 56. Qf7+ Kc6 57. Qc4+ Kd7 58. Qd5 Kd8 59. Qf7 1-0

[Event "Championnat de France - Open C"]
[Site "Belfort - SNPHHUATVS"]
[Date "2010.08.17"]
[Round "7.5"]
[White "Siret, Bernard"]
[Black "Nolot, Clementine"]
[Result "0-1"]
[WhiteElo "1780"]
[BlackElo "1724"]
[PlyCount "46"]

1. d4 d5 2. e4 dxe4 3. Nc3 Nf6 4. f3 exf3 5. Nxf3 g6 6. Bc4 Bg7 7. O-O O-O 8.
Qe1 Bf5 9. Be3 Nc6 10. Qh4 e6 11. Bg5 h5 12. Ne2 Re8 13. c3 e5 14. d5 Na5 15.
Bb5 c6 16. dxc6 Qb6+ 17. Kh1 Qxb5 18. cxb7 Nxb7 19. Bxf6 Qxe2 20. Rae1 Qa6 21.
Bxg7 Kxg7 22. g4 Bxg4 23. Ng5 f6 0-1

[Event "Championnat de France - Open C"]
[Site "Belfort - SNPHHUATVS"]
[Date "2010.08.17"]
[Round "7.6"]
[White "Gonzalez, Loic"]
[Black "Bandet, Raphael"]
[Result "1-0"]
[WhiteElo "1777"]
[BlackElo "1717"]
[PlyCount "35"]

1. f4 e5 2. fxe5 d6 3. exd6 Bxd6 4. Nf3 Nf6 5. d4 Ng4 6. Qd3 Nxh2 7. Nxh2 Qh4+
8. Kd1 Bxh2 9. Nd2 Bg4 10. Qe4+ Kd7 11. Nf3 Qh5 12. Rxh2 Bxf3 13. Qxf3 Qxh2 14.
Qxf7+ Kc6 15. Bf4 Qg1 16. Qxc7+ Kb5 17. a4+ Ka6 18. Qc4+ 1-0

[Event "Championnat de France - Open C"]
[Site "Belfort - SNPHHUATVS"]
[Date "2010.08.18"]
[Round "7.7"]
[White "Lemaire, Olivier"]
[Black "Dion, Virgile"]
[Result "0-1"]
[WhiteElo "1775"]
[BlackElo "1670"]
[PlyCount "116"]

1. d4 Nf6 2. Bg5 b6 3. Bxf6 exf6 4. e4 Bb7 5. Bd3 f5 6. Qe2 Be7 7. Nf3 fxe4 8.
Bxe4 d5 9. Bd3 O-O 10. O-O Nd7 11. Re1 Re8 12. Nbd2 Bf6 13. Qxe8+ Qxe8 14.
Rxe8+ Rxe8 15. c3 c5 16. Kf1 cxd4 17. Nxd4 Nc5 18. Bb5 Rc8 19. N2b3 a6 20. Be2
g6 21. Nxc5 bxc5 22. Nb3 d4 23. cxd4 cxd4 24. Bd3 Bg7 25. Rc1 Rxc1+ 26. Nxc1
Kf8 27. f3 f5 28. Bc4 Ke7 29. Ke2 g5 30. Nd3 a5 31. b3 Kd6 32. g3 h6 33. h3 Bc8
34. a3 g4 35. fxg4 fxg4 36. h4 Bb7 37. Bf7 Bd5 38. Bxd5 Kxd5 39. Nf2 h5 40. Kd3
Bf8 41. Ne4 Ke5 42. Nd2 Kd5 43. Nc4 Bc5 44. Nxa5 Bxa3 45. Nc4 Bc5 46. Nd2 Bf8
47. Ne4 Ke5 48. Nd2 Bb4 49. Nc4+ Kd5 50. Nd2 Ba5 51. Kc2 Bc7 52. Nf1 Ke4 53. b4
Kf3 54. Kd3 Kf2 55. Nd2 Kxg3 56. Ke2 Kxh4 57. Kf2 Kh3 58. Kg1 Bh2+ 0-1

[Event "Championnat de France - Open C"]
[Site "Belfort - SNPHHUATVS"]
[Date "2010.08.17"]
[Round "7.8"]
[White "Moutarlier, Vincent"]
[Black "Chemin, Alexandre"]
[Result "1-0"]
[WhiteElo "1769"]
[BlackElo "1600"]
[PlyCount "51"]

1. e4 e5 2. Nf3 Nc6 3. Bc4 Bc5 4. c3 d6 5. d4 exd4 6. cxd4 Bb4+ 7. Nc3 Bg4 8.
O-O Qd7 9. Bf4 Nge7 10. a3 Bxc3 11. bxc3 O-O 12. Rb1 Rab8 13. Bd3 Kh8 14. h3
Bh5 15. Re1 d5 16. Bd2 Bg6 17. Qc2 Bxe4 18. Bxe4 dxe4 19. Rxe4 Nd5 20. Rh4 g6
21. c4 Nf6 22. d5 Ne7 23. Bc3 Qd6 24. Qb2 Kg7 25. Ng5 h5 26. Ne4 1-0

[Event "Championnat de France - Open C"]
[Site "Belfort - SNPHHUATVS"]
[Date "2010.08.17"]
[Round "7.9"]
[White "Brumant, Jean-Claude"]
[Black "Fauchart, Francois"]
[Result "0-1"]
[WhiteElo "1761"]
[BlackElo "1608"]
[PlyCount "82"]

1. d4 Nf6 2. Nc3 d5 3. e4 dxe4 4. f3 exf3 5. Nxf3 e6 6. Bc4 c6 7. O-O Be7 8.
Be3 b5 9. Bb3 a5 10. a3 Bb7 11. Ne5 O-O 12. Qf3 Qe8 13. Ne2 Nd5 14. Bf2 Nd7 15.
c3 Nxe5 16. dxe5 c5 17. Qh3 Qb8 18. Bc2 g6 19. Bg3 Ne3 20. Rfc1 Bxg2 21. Qh6
Nxc2 22. Kxg2 Nxa1 23. Rxa1 Qb7+ 24. Kg1 Rad8 25. Nf4 c4 26. Bf2 Qf3 27. Bd4
Qg4+ 28. Kf2 Bh4+ 29. Kf1 Bg5 30. Qh3 Qxf4+ 31. Ke2 Qd2+ 32. Kf3 Qd3+ 33. Kg2
Qxh3+ 34. Kxh3 Rd5 35. Kg4 Bh6 36. Re1 b4 37. Ra1 bxc3 38. Bxc3 Bd2 39. Rd1
Bxc3 40. Rxd5 exd5 41. bxc3 Rb8 0-1

[Event "Championnat de France - Open C"]
[Site "Belfort - SNPHHUATVS"]
[Date "2010.08.17"]
[Round "7.10"]
[White "Brebant, Eric"]
[Black "Courtine, Thomas"]
[Result "0-1"]
[WhiteElo "1698"]
[BlackElo "1753"]
[PlyCount "42"]

1. e4 e5 2. Nf3 Nf6 3. Bc4 Nxe4 4. Nc3 Nc6 5. Nxe4 d5 6. Bb5 dxe4 7. Bxc6+ bxc6
8. Ng1 Qg5 9. g3 Bg4 10. Ne2 O-O-O 11. h4 Qh5 12. d3 exd3 13. cxd3 Bb4+ 14. Kf1
e4 15. d4 c5 16. Qc2 cxd4 17. Nf4 Qb5+ 18. Kg1 d3 19. Qb3 d2 20. Bxd2 Rxd2 21.
a3 Qb6 0-1

[Event "Championnat de France - Open C"]
[Site "Belfort - SNPHHUATVS"]
[Date "2010.08.18"]
[Round "8.1"]
[White "Lanz, Stephane"]
[Black "Stojanovic, Vojislav"]
[Result "1/2-1/2"]
[WhiteElo "1750"]
[BlackElo "1770"]
[PlyCount "58"]

1. e4 c6 2. d4 d5 3. Nc3 dxe4 4. f3 e5 5. dxe5 Qxd1+ 6. Nxd1 exf3 7. Nxf3 Bg4
8. Bc4 Bc5 9. Be3 Nd7 10. Ng5 Nh6 11. e6 fxe6 12. Bxe6 Bxe3 13. Nxe3 Bxe6 14.
Nxe6 Kf7 15. Ng5+ Kg6 16. O-O-O Nf6 17. Nf3 Rhe8 18. Nc4 Nf7 19. Nh4+ Kg5 20.
g3 g6 21. Rhf1 Re7 22. Ng2 Nd5 23. Nf4 Nxf4 24. Rxf4 Kh6 25. Rfd4 Rae8 26. Rd7
b6 27. Rxe7 Rxe7 28. Nd6 Nxd6 29. Rxd6 c5 1/2-1/2

[Event "Championnat de France - Open C"]
[Site "Belfort - SNPHHUATVS"]
[Date "2010.08.18"]
[Round "8.2"]
[White "Christophe-Hayot, Romain"]
[Black "Gautier, Selvan"]
[Result "0-1"]
[WhiteElo "1796"]
[BlackElo "1626"]
[PlyCount "132"]

1. d4 Nf6 2. Nf3 c5 3. c3 d5 4. g3 Nc6 5. Bg2 Bf5 6. a3 c4 7. Bg5 Ne4 8. Nbd2
Nxg5 9. Nxg5 h6 10. Nh3 Qb6 11. Qc1 e6 12. Ng1 Na5 13. Ngf3 Bd6 14. O-O O-O 15.
Re1 Rfd8 16. Bh1 Rac8 17. Nh4 Bh7 18. e4 dxe4 19. Bxe4 Bxe4 20. Rxe4 Be7 21.
Ng2 Rd5 22. Qc2 Rb5 23. Ra2 Nb3 24. Ne3 Nxd2 25. Qxd2 Rd8 26. Nxc4 Qc6 27. Qe2
Bf6 28. Nd2 Rbd5 29. f4 Qc7 30. Nf3 Qb6 31. Ra1 Rb5 32. b4 Rbd5 33. Kg2 Qc6 34.
Qe3 b5 35. Kg1 Rc8 36. Rc1 Qa6 37. g4 Qxa3 38. h4 Be7 39. Kg2 Qb2+ 40. Qd2
Qxd2+ 41. Nxd2 Bxb4 42. Re3 Bd6 43. Re4 Bb4 44. Nb1 a5 45. Ree1 Bd6 46. Kf3 Be7
47. h5 b4 48. cxb4 Rxc1 49. Rxc1 axb4 50. Rc8+ Rd8 51. Rxd8+ Bxd8 52. Nd2 g6
53. Ke4 Kg7 54. f5 gxf5+ 55. gxf5 Kf6 56. fxe6 fxe6 57. Nf3 Bc7 58. d5 exd5+
59. Kxd5 b3 60. Ke4 b2 61. Nd2 Kg5 62. Kd3 Kxh5 63. Kc2 Be5 64. Nc4 Bf6 65.
Nxb2 Bxb2 66. Kxb2 Kh4 0-1

[Event "Championnat de France - Open C"]
[Site "Belfort - SNPHHUATVS"]
[Date "2010.08.18"]
[Round "8.3"]
[White "Nolot, Clementine"]
[Black "Gonzalez, Loic"]
[Result "1-0"]
[WhiteElo "1724"]
[BlackElo "1777"]
[PlyCount "41"]

1. e4 e5 2. Nf3 Nc6 3. Bb5 f5 4. d3 fxe4 5. dxe4 d6 6. O-O Be7 7. Nc3 a6 8. Bc4
Nf6 9. Ng5 Rf8 10. Nxh7 Rh8 11. Ng5 Rf8 12. Nd5 Na5 13. Nxf6+ Bxf6 14. Be6 g6
15. Bxc8 Qxc8 16. Nh7 Rf7 17. Nxf6+ Rxf6 18. Qd5 Nc6 19. Qg8+ Kd7 20. Qg7+ Ke6
21. Bg5 1-0

[Event "Championnat de France - Open C"]
[Site "Belfort - SNPHHUATVS"]
[Date "2010.08.18"]
[Round "8.4"]
[White "Dion, Virgile"]
[Black "Moutarlier, Vincent"]
[Result "1-0"]
[WhiteElo "1670"]
[BlackElo "1769"]
[PlyCount "87"]

1. e4 e5 2. Nf3 Nc6 3. d4 exd4 4. Nxd4 Bc5 5. Be3 Qf6 6. c3 Nge7 7. Bc4 d6 8.
O-O Ne5 9. Be2 O-O 10. Nd2 c6 11. f4 Qh6 12. N2b3 Bb6 13. Kh1 f5 14. fxe5 Qxe3
15. exd6 Ng6 16. Bc4+ Kh8 17. Re1 Qf4 18. exf5 Bxf5 19. Nxf5 Qxc4 20. Ng3 Nf4
21. Re4 Qf7 22. Qf3 Nd5 23. Qxf7 Rxf7 24. Rae1 h6 25. c4 Nf6 26. Re7 Raf8 27.
c5 Bd8 28. Rxf7 Rxf7 29. Nf5 Kh7 30. h3 b6 31. Nbd4 bxc5 32. Nxc6 Bb6 33. Re7
Kg8 34. Rxf7 Kxf7 35. g4 g6 36. Nxh6+ Kg7 37. g5 Ne4 38. d7 Nxg5 39. Ng4 Ne6
40. Nge5 Kf6 41. Kg2 g5 42. Kf3 Bc7 43. Ng4+ Kf5 44. Ne7# 1-0

[Event "Championnat de France - Open C"]
[Site "Belfort - SNPHHUATVS"]
[Date "2010.08.18"]
[Round "8.5"]
[White "Courtine, Thomas"]
[Black "Germond, Thierry"]
[Result "1-0"]
[WhiteElo "1753"]
[BlackElo "1745"]
[PlyCount "97"]

1. e4 Nf6 2. e5 Nd5 3. d4 d6 4. c4 Nb6 5. exd6 exd6 6. h3 Be7 7. Nf3 Bf5 8. Bd3
Bxd3 9. Qxd3 Nc6 10. O-O O-O 11. Na3 Bf6 12. Nc2 Re8 13. b3 g6 14. Bb2 d5 15.
Rad1 a6 16. Rfe1 Rxe1+ 17. Rxe1 Bg7 18. Ne3 dxc4 19. bxc4 Qd7 20. Qb3 a5 21. d5
a4 22. Qb5 Nb8 23. Bxg7 Qxb5 24. cxb5 Kxg7 25. Rc1 c6 26. dxc6 bxc6 27. bxc6
Na6 28. c7 Nc8 29. Nd5 Kf8 30. Ng5 h6 31. Ne4 f5 32. Nef6 Kf7 33. Nd7 Ke6 34.
N7b6 Nxb6 35. Nxb6 Nxc7 36. Rxc7 Ra6 37. Nc4 Kd5 38. Ne3+ Ke4 39. Kh2 h5 40.
Nc2 h4 41. Re7+ Kf4 42. Rc7 Rb6 43. Rc4+ Kg5 44. f4+ Kf6 45. Rxa4 g5 46. fxg5+
Kxg5 47. Ra5 Kg6 48. Nd4 f4 49. Nf3 1-0

[Event "Championnat de France - Open C"]
[Site "Belfort - SNPHHUATVS"]
[Date "2010.08.18"]
[Round "8.6"]
[White "Fauchart, Francois"]
[Black "Theodore, Simon"]
[Result "0-1"]
[WhiteElo "1608"]
[BlackElo "1768"]
[PlyCount "76"]

1. d4 d5 2. Nf3 Nf6 3. Bf4 e6 4. c3 c5 5. e3 Nc6 6. Nbd2 Bd6 7. Ne5 Bxe5 8.
dxe5 Nd7 9. Nf3 c4 10. Qc2 b5 11. Be2 O-O 12. e4 Nc5 13. exd5 exd5 14. O-O-O
Ne4 15. Be3 Bf5 16. g4 Bg6 17. Nd4 Nxd4 18. Rxd4 Nxf2 19. Qd2 Nxh1 20. Bf3 Qa5
21. a3 Be4 22. Bd1 Qc7 23. Bf4 a5 24. e6 Qe7 25. exf7+ Qxf7 26. Be3 b4 27. cxb4
axb4 28. Qxb4 Rfb8 29. Qd6 Qb7 30. b4 c3 31. Bb3 Rxa3 32. Rxe4 Rxb3 33. Re7 Qb5
34. Qe6+ Kh8 35. Qf7 Rb1+ 36. Kc2 Qe2+ 37. Kxc3 Qb2+ 38. Kd3 Rd1+ 0-1